书目信息 |
| 题名: |
德语中级听力
|
|
| 作者: | 江楠生 编著 | |
| 分册: | ||
| 出版信息: | 北京 外语教学与研究出版社 2001 |
|
| 页数: | 316页 | |
| 开本: | 20cm | |
| 丛书名: | ||
| 单 册: | ||
| 中图分类: | H339.9 | |
| 科图分类: | ||
| 主题词: | 德语 | |
| 电子资源: | ||
| ISBN: | 7-5600-2399-1 | |
| 000 | 00770nam0 2200205 450 | |
| 001 | 0757828790 | |
| 005 | 20070716081713.26 | |
| 010 | @a7-5600-2399-1@dCNY14.90 | |
| 100 | @a20070626d2001 km y0chiy0120 ea | |
| 101 | 0 | @achi |
| 102 | @aCN@b110000 | |
| 200 | 1 | @a德语中级听力@Ade yu zhong ji ting li@f江楠生编著@Fjiang nan sheng bian zhu |
| 210 | @a北京@c外语教学与研究出版社@d2001 | |
| 215 | @a316页@d20cm | |
| 330 | @a本书包括打电话、独白、对话、采访、简短说明文、国情和故事七大板块,题材丰富,情节生动,且语言地道,语境鲜活,贴近德国社会生活,使读者在提高听力水平的同时扩展自己的常用词汇量,亦可从中了解德国的基本情况。 | |
| 606 | 0 | @a德语 |
| 690 | @aH339.9@v3 | |
| 701 | 0 | @a江楠生@Ajiang nan sheng@4编著 |
| 801 | 0 | @aCN@bPFT@c20070716 |
| 905 | @a10447@dH339.9@e105:2 | |
| 德语中级听力/江楠生编著.-北京:外语教学与研究出版社,2001 |
| 316页;20cm |
| ISBN 7-5600-2399-1:CNY14.90 |
| 本书包括打电话、独白、对话、采访、简短说明文、国情和故事七大板块,题材丰富,情节生动,且语言地道,语境鲜活,贴近德国社会生活,使读者在提高听力水平的同时扩展自己的常用词汇量,亦可从中了解德国的基本情况。 |
| ● |
| 相关链接 |
|
|
|
|
正题名:德语中级听力
索取号:H339.9/105:2
 
预约/预借
| 序号 | 登录号 | 条形码 | 馆藏地/架位号 | 状态 | 备注 |
| 1 | 0684677 | 206846779 | 库房3/ [索取号:H339.9/105:2] | 在馆 | |
| 2 | 0684678 | 206846788 | 库房3/ [索取号:H339.9/105:2] | 在馆 | |
| 3 | 0684679 | 206846797 | 库房3/ [索取号:H339.9/105:2] | 在馆 | |
| 4 | 0684680 | 206846804 | 库房3/ [索取号:H339.9/105:2] | 在馆 | |
| 5 | 0684681 | 206846813 | 库房3/ [索取号:H339.9/105:2] | 在馆 | |
| 6 | 0775239 | 207752396 | 密集书库/ [索取号:H339.9/105:2] | 在馆 | |
| 7 | 0777495 | 207774951 | 密集书库/ [索取号:H339.9/105:2] | 在馆 | |
| 8 | 0779543 | 207795439 | 密集书库/ [索取号:H339.9/105:2] | 在馆 |